Normal view
MARC view
- الاقليات الدينية- البلاد الاسلامية- جغرافيا
Entry Topical Term
001 - CONTROL NUMBER
- control field: 56912
003 - CONTROL NUMBER IDENTIFIER
- control field: JO-AjAnu
005 - DATE AND TIME OF LATEST TRANSACTION
- control field: 20230606083325.0
008 - FIXED-LENGTH DATA ELEMENTS
- fixed length control field: 230606|| aca||aabn | a|a d
040 ## - CATALOGING SOURCE
- Original cataloging agency: JO-AjAnu
- Transcribing agency: JO-AjAnu
150 ## - HEADING--TOPICAL TERM
- Topical term or geographic name entry element: الاقليات الدينية- البلاد الاسلامية- جغرافيا
670 ## - SOURCE DATA FOUND
- Source citation: Work cat.: (JO-AjAnu)29040: إعداد: السرياني، محمد محمود, author 56911, الوجيز في جغرافية العالم الإسلامي: دراسة لملامح الأقطار الإسلامية ومشاكل الأقليات المسلمة في العالم